| 000 | 00461nam a2200169Ia 4500 | ||
|---|---|---|---|
| 999 |
_c1391 _d1391 |
||
| 003 | OSt | ||
| 005 | 20200923102722.0 | ||
| 008 | 190216s9999||||xx |||||||||||||| ||und|| | ||
| 040 | _coclc | ||
| 082 |
_a581.6 _bVER/T |
||
| 100 |
_aVerma, V _94838 |
||
| 245 | 0 |
_aA Textbook Of Economic Botany / _cV Verma |
|
| 260 |
_bEmkay Publishers, _c1985. _aDelhi: |
||
| 300 | _a291p | ||
| 650 | _aBotany | ||
| 942 |
_cBK _2ddc _h581.6 _iVER/T _k581.6 _mVER/T |
||